Devine le joueur de foot #6 - Statistiques

Statistiques générales
  • Ce quiz a été pris 127 fois
  • Le résultat moyen est 18 sur 20
Statistiques - réponses
Par images Réponse % Correct
Antoine Griezmann
99%
Lionel Messi
99%
Ronaldo Luís Nazário de Lima
99%
Jules Koundé
98%
Pierre-Emerick Aubameyang
96%
Presnel Kimpembe
96%
Arjen Robben
93%
Wayne Rooney
93%
João Félix
92%
Nuno Mendes
92%
Thorgan Hazard
91%
Roberto Carlos da Silva Rocha
90%
Florian Wirtz
89%
Jérôme Boateng
88%
Jamie Vardy
87%
Jordan Pickford
86%
Djibril Sidibé
81%
Rúben Neves
77%
Ferenc Puskás
70%
Nico Schlotterbeck
57%
Aucun quiz correspondant
Distribution des résultats
% des personnes avec chaque résultat
Percentile par nombre de réponses
Votre historique - résultats
Vous n’avez pas pris ce quiz